Physiology of sport and exercise / (Record no. 51217)

MARC details
000 -LEADER
fixed length control field 00605nam a2200229Ia 4500
005 - DATE AND TIME OF LATEST TRANSACTION
control field 20260429111853.0
008 - FIXED-LENGTH DATA ELEMENTS--GENERAL INFORMATION
fixed length control field 260429s9999||||xx |||||||||||||| ||und||
020 ## - INTERNATIONAL STANDARD BOOK NUMBER
International Standard Book Number 9781718201729
041 ## - LANGUAGE CODE
Language English
082 ## - DEWEY DECIMAL CLASSIFICATION NUMBER
Classification number 612.044
Item number KEN
100 ## - MAIN ENTRY--PERSONAL NAME
Personal name Kenney, W. Larry
245 #0 - TITLE STATEMENT
Title Physiology of sport and exercise /
Statement of responsibility, etc W. Larry Kenney
250 ## - EDITION STATEMENT
Edition statement 8th ed.
260 ## - PUBLICATION, DISTRIBUTION, ETC. (IMPRINT)
Place of publication, distribution, etc United States :
Name of publisher, distributor, etc Human kinetics,
Date of publication, distribution, etc 2022.
300 ## - PHYSICAL DESCRIPTION
Extent xix, 651 p.; hb
650 ## - SUBJECT ADDED ENTRY--TOPICAL TERM
Topical term or geographic name as entry element Exercise
650 ## - SUBJECT ADDED ENTRY--TOPICAL TERM
Topical term or geographic name as entry element Sports
650 ## - SUBJECT ADDED ENTRY--TOPICAL TERM
Topical term or geographic name as entry element Human physiology
700 ## - ADDED ENTRY--PERSONAL NAME
Personal name Costil, David L.
700 ## - ADDED ENTRY--PERSONAL NAME
Personal name Wilmore, Jack H.
942 ## - ADDED ENTRY ELEMENTS (KOHA)
Koha item type Text Books
Holdings
Withdrawn status Lost status Damaged status Not for loan Collection code Home library Location Shelving location Date of Cataloging Source of acquisition Total Checkouts Full call number Barcode Date last seen Price effective from Koha item type
        Non-fiction CUTN Central Library CUTN Central Library Medicine, Technology & Management 29/04/2026 Prashant Book Agency, New Delhi - Invoice No. 537 on 09-02-2026   612.044 KEN 56075 29/04/2026 29/04/2026 Text Books